000 00345nam a2200157Ia 4500
005 20250425162340.0
008 250425s9999 xx 000 0 und d
041 _aspa
245 0 _aEL COSMOPOLITA
250 _a1A ED.
260 _aAMBATO
260 _aEcuador
_bCASA DE MONTALVO
_c2007
300 _a352
942 _c01
010 _a64609
999 _c227415
_d227415